000 00835nam a2200253Ia 4500
003 OSt
005 20220930092107.0
006 a|||||r|||| 00| 0
007 ta
008 220926b |||||||| |||| 00| 0 eng d
024 _a12233
037 _cTheses
040 _aCRL
_cCRL
_beng
041 _2eng
_aeng
100 _aAgarwal Niharika
_9547681
110 _aUniversity of Delhi. Faculty of Medical Science. Department of Medicine
245 0 _aRelationship of viramin D insufficiency with disease activity and finctional disability in patients of rheumatoid arthritis
260 _c2013
650 _aMEDICINE
700 _a Sharma S K Gu.
_9533798
700 _aUniversity of Delhi. Faculty of Medical Science. Department of Medicine
942 _cDIS
_2CC
999 _c883188
_d883188